000 00471nam a2200181Ia 4500
008 221030s9999 xx 000 0 und d
020 _a8131710890
041 _aEnglish
082 _a105.23
100 _aR. R. Still
245 0 _aSales Management - Decisions, Strategies & Cases
_cby R. R. Still, E. W. Cundiff
250 _a5th
260 _bPearson Edcuation
_aNew Delhi
_c2009
300 _a638
650 _aManagement
700 _aE. W. Cundiff
942 _cBK
999 _c8863
_d8863